000 01113cam a2200277Mi 4500
003 URS
005 20221125082328.0
008 220704s2021 ag ob f000 0 spa d
040 _aARFGC
_beng
_erda
_cARFGC
_dJSTOR
_dOCLCF
_cURS
020 _a9789878130071
_q(electronic bk.)
020 _a987813007X
_q(electronic bk.)
050 4 _aLA549.C67
_bT736 2021
245 0 0 _aTramas en la historia de la educación desde Córdoba :
_btextos y fuentes para aprender y enseñar /
_cEunice Rebolledo y Gabriela Lamelas (comps.).
264 1 _a[Córdoba, Argentina] :
_bCIFFIH, FFIH, UNC ;
_aBuenos Aires :
_bCLACSO,
_cseptiembre de 2021.
300 _a1 online resource (398 pages)
336 _atext
_2rdacontent
337 _acomputer
_2rdamedia
338 _aonline resource
_2rdacarrier
590 _aJSTOR
_bBooks at JSTOR Open Access
650 0 _aEducation
_zArgentina
_zCórdoba
_xHistory.
650 7 _aEducation.
_2fast
_0(OCoLC)fst00902499
651 7 _aArgentina
_zCórdoba.
_2fast
_0(OCoLC)fst01208241
856 4 0 _uhttps://www.jstor.org/stable/10.2307/j.ctv2v88f2m
942 _2lcc
_cE-BOOK
994 _a92
_bPHURS
999 _c60015
_d60015